<?xml version="1.0" encoding="UTF-8"?>
<record
    xmlns:xsi="http://www.w3.org/2001/XMLSchema-instance"
    xsi:schemaLocation="http://www.loc.gov/MARC21/slim http://www.loc.gov/standards/marcxml/schema/MARC21slim.xsd"
    xmlns="http://www.loc.gov/MARC21/slim">

  <leader>01009nam a22002537a 4500</leader>
  <controlfield tag="005">20170123164143.0</controlfield>
  <datafield tag="010" ind1=" " ind2=" ">
    <subfield code="a">B-230596</subfield>
  </datafield>
  <datafield tag="020" ind1=" " ind2=" ">
    <subfield code="c">120.00</subfield>
    <subfield code="a">8180590542</subfield>
  </datafield>
  <datafield tag="035" ind1=" " ind2=" ">
    <subfield code="a">B-230596</subfield>
  </datafield>
  <datafield tag="037" ind1=" " ind2=" ">
    <subfield code="a">Cen Lib / Ret</subfield>
  </datafield>
  <datafield tag="040" ind1=" " ind2=" ">
    <subfield code="a">DPL</subfield>
    <subfield code="b">PN</subfield>
  </datafield>
  <datafield tag="082" ind1=" " ind2=" ">
    <subfield code="a">850</subfield>
    <subfield code="b">&#xA05;&#xA2E;&#xA3F;&#xA71;&#xA24;&#xA3E;</subfield>
  </datafield>
  <datafield tag="100" ind1=" " ind2=" ">
    <subfield code="a">&#xA05;&#xA2E;&#xA3F;&#xA71;&#xA24;&#xA3E; &#xA2A;&#xA4D;&#xA30;&#xA40;&#xA24;&#xA2E; </subfield>
    <subfield code="9">128536</subfield>
  </datafield>
  <datafield tag="245" ind1=" " ind2=" ">
    <subfield code="a">&#xA2E;&#xA47;&#xA30;&#xA47; &#xA15;&#xA3E;&#xA32;-&#xA2E;&#xA41;&#xA15;&#xA24; &#xA38;&#xA2E;&#xA15;&#xA3E;&#xA32;&#xA40;  /</subfield>
    <subfield code="c">&#xA05;&#xA2E;&#xA3F;&#xA71;&#xA24;&#xA3E;  &#xA2A;&#xA4D;&#xA30;&#xA40;&#xA24;&#xA2E;</subfield>
  </datafield>
  <datafield tag="246" ind1=" " ind2=" ">
    <subfield code="a">Mere kal-mukt samkali /</subfield>
    <subfield code="b">by Amrita Pritam </subfield>
  </datafield>
  <datafield tag="260" ind1=" " ind2=" ">
    <subfield code="a">&#xA26;&#xA3F;&#xA71;&#xA32;&#xA40; </subfield>
    <subfield code="b">&#xA38;&#xA3C;&#xA4D;&#xA30;&#xA40; &#xA2A;&#xA4D;&#xA30;&#xA15;&#xA3E;&#xA38;&#xA3C;&#xA28; </subfield>
    <subfield code="c">2007</subfield>
  </datafield>
  <datafield tag="270" ind1=" " ind2=" ">
    <subfield code="a">&#xA38;&#xA41;&#xA2D;&#xA3E;&#xA38;&#xA3C; &#xA17;&#xA32;&#xA40; &#xA35;&#xA3F;&#xA38;&#xA3C;&#xA35;&#xA3E;&#xA38; &#xA28;&#xA17;&#xA30; </subfield>
    <subfield code="b">&#xA26;&#xA3F;&#xA71;&#xA32;&#xA40; </subfield>
    <subfield code="e">110032</subfield>
  </datafield>
  <datafield tag="300" ind1=" " ind2=" ">
    <subfield code="a">103p.</subfield>
    <subfield code="c">23cm(Hb)</subfield>
  </datafield>
  <datafield tag="650" ind1=" " ind2=" ">
    <subfield code="a">&#xA2A;&#xA70;&#xA1C;&#xA3E;&#xA2C;&#xA40; - - &#xA15;&#xA39;&#xA3E;&#xA23;&#xA40;&#xA06;&#xA02;</subfield>
    <subfield code="9">128537</subfield>
  </datafield>
  <datafield tag="650" ind1=" " ind2=" ">
    <subfield code="a">&#xA38;&#xA3E;&#xA39;&#xA3F;&#xA24; -- &#xA2A;&#xA70;&#xA1C;&#xA3E;&#xA2C;&#xA40; </subfield>
    <subfield code="9">128538</subfield>
  </datafield>
  <datafield tag="650" ind1=" " ind2=" ">
    <subfield code="a">Punjabi -- Stories</subfield>
    <subfield code="9">6279</subfield>
  </datafield>
  <datafield tag="650" ind1=" " ind2=" ">
    <subfield code="a">Literature -- Punjabi </subfield>
    <subfield code="9">128539</subfield>
  </datafield>
  <datafield tag="942" ind1=" " ind2=" ">
    <subfield code="2">ddc</subfield>
    <subfield code="c">PN</subfield>
    <subfield code="h">850</subfield>
    <subfield code="m">&#xA05;&#xA2E;&#xA3F;&#xA71;&#xA24;&#xA3E;</subfield>
  </datafield>
  <datafield tag="999" ind1=" " ind2=" ">
    <subfield code="c">109816</subfield>
    <subfield code="d">109816</subfield>
  </datafield>
  <datafield tag="952" ind1=" " ind2=" ">
    <subfield code="0">0</subfield>
    <subfield code="1">0</subfield>
    <subfield code="4">0</subfield>
    <subfield code="7">0</subfield>
    <subfield code="a">L</subfield>
    <subfield code="b">L</subfield>
    <subfield code="d">2016-01-07</subfield>
    <subfield code="e">Cen Lib/Ret</subfield>
    <subfield code="g">120.00</subfield>
    <subfield code="l">0</subfield>
    <subfield code="o">850 &#xA05;&#xA2E;&#xA3F;&#xA71;&#xA24;&#xA3E;</subfield>
    <subfield code="p">B-230596</subfield>
    <subfield code="r">2016-01-07 00:00:00</subfield>
    <subfield code="t">1</subfield>
    <subfield code="v">120.00</subfield>
    <subfield code="w">2016-09-15</subfield>
    <subfield code="y">PN</subfield>
  </datafield>
</record>
